[Event "Thessaloniki White Tower op-A 44th"]
[Site "Thessaloniki"]
[Date "2024.01.05"]
[Round "5"]
[White "Trimitzios, Petros"]
[Black "Melikhov, Evgeny V"]
[Result "1/2-1/2"]
[WhiteElo "2267"]
[BlackElo "2192"]
[PlyCount "112"]
[EventDate "2024.01.02"]
[EventType "swiss"]
[EventRounds "9"]
[EventCountry "GRE"]
[SourceTitle "CB02_2024"]
[SourceDate "2024.01.10"]
[SourceVersion "1"]
[SourceVersionDate "2024.01.10"]
[SourceQuality "1"]

1. d4 Nf6 2. c4 e6 3. Nf3 d5 4. g3 dxc4 5. Bg2 Nc6 6. Qa4 Bb4+ 7. Bd2 Bd6 8. Ne5 0-0 9. Nxc6 bxc6 10. Qxc4 Rb8 11. b3 Rb6 12. Qc2 Ba6 13. Nc3 Rb4 14. 0-0 Rxd4 15. Be3 Rg4 16. Bxc6 Qb8 17. a4 Bb7 18. Nb5 a6 19. Bxb7 Qxb7 20. Nxd6 cxd6 21. Rfc1 h5 22. Qc6 Qxb3 23. Qxa6 h4 24. Qd3 Qxd3 25. exd3 Ra8 26. a5 Nd5 27. Bd2 Ra6 28. Rc4 Rxc4 29. dxc4 Nb6 30. Rc1 Nd7 31. f4 hxg3 32. hxg3 Nc5 33. Rb1 Rc6 34. Be3 f6 35. Bxc5 Rxc5 36. a6 Ra5 37. Rb6 Kf7 38. Rxd6 Ke7 39. Rb6 g5 40. Kf2 gxf4 41. gxf4 Rc5 42. a7 Ra5 43. Rb7+ Kd6 44. Ke3 Ra4 45. Kd3 Kc5 46. Kc3 Ra3+ 47. Kb2 Ra6 48. Kb3 e5 49. f5 e4 50. Re7 e3 51. Rxe3 Rxa7 52. Re6 Rh7 53. Re3 Rh4 54. Re6 Rh3+ 55. Kc2 Kxc4 56. Rxf6 Kd5 1/2-1/2

[Event "GRE-chT 50th"]
[Site "Nikaia"]
[Date "2023.08.28"]
[Round "5.1"]
[White "Trimitzios, Petros"]
[Black "Katopodis, Dimitrios"]
[Result "1/2-1/2"]
[WhiteElo "2307"]
[BlackElo "2284"]
[PlyCount "92"]
[EventDate "2023.08.25"]
[EventType "team"]
[EventRounds "9"]
[EventCountry "GRE"]
[SourceTitle "EXT 2024"]
[Source "ChessBase"]
[SourceDate "2023.10.10"]
[SourceVersion "1"]
[SourceVersionDate "2023.10.10"]
[SourceQuality "1"]
[WhiteTeam "Larisas"]
[BlackTeam "Irakleiou Attikis"]
[WhiteTeamCountry "GRE"]
[BlackTeamCountry "GRE"]

1. Nf3 d5 2. b3 Bg4 3. Bb2 Bxf3 4. exf3 Nf6 5. f4 Nbd7 6. g3 c6 7. Bg2 g6 8. 0-0 Bg7 9. d4 0-0 10. Nd2 Ne8 11. Nf3 Nd6 12. Ne5 Qc7 13. Qe2 Nf6 14. c4 e6 15. c5 Nf5 16. b4 b6 17. Rfc1 b5 18. a4 a6 19. Ra3 Nd7 20. Nf3 Rab8 21. axb5 axb5 22. Rca1 Rb7 23. Bc3 Rfb8 24. g4 Ne7 25. Ne5 Bh6 26. Bd2 Rf8 27. Be3 Re8 28. Ra6 Reb8 29. h4 Re8 30. h5 Nf8 31. f5 Bxe3 32. fxg6 f6 33. gxh7+ Kxh7 34. Qxe3 fxe5 35. dxe5 Nd7 36. f4 Rg8 37. Bh3 Rf8 38. Qd4 Rbb8 39. Ra7 Rb7 40. R7a6 Rbb8 41. Ra7 Rb7 42. R7a6 Rbb8 43. Ra7 Rb7 44. R7a6 Qd8 45. f5 Qc7 46. f6 Nxe5 1/2-1/2

[Event "Reykjavik op"]
[Site "Reykjavik"]
[Date "2023.04.04"]
[Round "9"]
[White "Hari, Charan Sai Kalluri"]
[Black "Trimitzios, Petros"]
[Result "0-1"]
[WhiteElo "2066"]
[BlackElo "2358"]
[PlyCount "84"]
[EventDate "2023.03.29"]
[EventType "swiss"]
[EventRounds "9"]
[EventCountry "ISL"]
[SourceTitle "EXT 2024"]
[Source "ChessBase"]
[SourceDate "2023.10.10"]
[SourceVersion "1"]
[SourceVersionDate "2023.10.10"]
[SourceQuality "1"]

1. Nf3 f5 2. g3 Nf6 3. d4 g6 4. Bg2 Bg7 5. 0-0 0-0 6. c4 d6 7. Nc3 c6 8. Rb1 Qe8 9. d5 c5 10. Ne1 Na6 11. Nd3 Bd7 12. Nf4 Nc7 13. a3 Rd8 14. b4 b6 15. h4 Ng4 16. Qb3 Bf6 17. Nh3 e6 18. f3 Bd4+ 19. Kh1 Ne3 20. Bxe3 Bxe3 21. dxe6 Bxe6 22. Nd5 Bxd5 23. cxd5 f4 24. Rbd1 Nb5 25. Qd3 fxg3 26. f4 Nd4 27. Be4 Bf2 28. Nxf2 gxf2 29. Rxf2 Qe7 30. Rg1 Rde8 31. Bxg6 hxg6 32. Qxg6+ Kh8 33. Rg5 Qe4+ 34. Qxe4 Rxe4 35. Rfg2 Re7 36. e3 Nf5 37. e4 Nd4 38. f5 Rh7 39. R5g4 c4 40. Kg1 c3 41. Kf2 c2 42. Rg1 Nb3 0-1

[Event "Reykjavik op"]
[Site "Reykjavik"]
[Date "2023.04.02"]
[Round "7"]
[White "Gudmundsson, Gunnar Erik"]
[Black "Trimitzios, Petros"]
[Result "1/2-1/2"]
[WhiteElo "1961"]
[BlackElo "2358"]
[PlyCount "218"]
[EventDate "2023.03.29"]
[EventType "swiss"]
[EventRounds "9"]
[EventCountry "ISL"]
[SourceTitle "EXT 2024"]
[Source "ChessBase"]
[SourceDate "2023.10.10"]
[SourceVersion "1"]
[SourceVersionDate "2023.10.10"]
[SourceQuality "1"]

1. d4 f5 2. c4 Nf6 3. Nf3 g6 4. g3 Bg7 5. Bg2 0-0 6. 0-0 d6 7. Nc3 c6 8. Re1 Ne4 9. Qb3 Qb6 10. e3 Nxc3 11. bxc3 Qxb3 12. axb3 e5 13. Ba3 e4 14. Nd2 Rd8 15. f3 d5 16. cxd5 cxd5 17. c4 exf3 18. Bxf3 Be6 19. b4 Na6 20. b5 Nc7 21. Rab1 dxc4 22. Bxb7 Rab8 23. Bc6 c3 24. Nf3 Bd7 25. Be7 Bxc6 26. Bxd8 Nxb5 27. Ba5 Bxf3 28. Bxc3 a6 29. Ba5 Be4 30. Rbc1 Nxd4 31. exd4 Bxd4+ 32. Kf1 Rb2 33. Rxe4 fxe4 34. Rc4 Bg7 35. Rxe4 Rxh2 36. Re6 Ra2 37. Rxa6 Be5 38. g4 Ra4 39. Ra8+ Kf7 40. Ra7+ Ke6 41. Bb6 Rf4+ 42. Ke2 Rxg4 43. Rxh7 Kf5 44. Rf7+ Ke4 45. Kf2 Rh4 46. Bc7 Rh2+ 47. Kg1 Rh5 48. Bxe5 Kxe5 49. Rb7 Rf5 50. Kg2 Kf4 51. Rb4+ Kg5 52. Kg3 Rc5 53. Rg4+ Kf6 54. Rf4+ Kg7 55. Kg4 Kh6 56. Rd4 Rg5+ 57. Kh4 Rg1 58. Rd6 Rb1 59. Rd8 Rb4+ 60. Kg3 Kh5 61. Rd3 g5 62. Ra3 Rg4+ 63. Kh3 Rg1 64. Kh2 Rb1 65. Kg3 Rb4 66. Rc3 Re4 67. Ra3 Re5 68. Rb3 Kg6 69. Kg4 Re4+ 70. Kg3 Rh4 71. Rb6+ Kh5 72. Rb3 Rf4 73. Ra3 Rf5 74. Ra8 Rf7 75. Rh8+ Kg6 76. Rg8+ Kf5 77. Ra8 Rb7 78. Ra5+ Kg6 79. Ra6+ Kh5 80. Ra3 Rb5 81. Rc3 Kg6 82. Kg4 Rb4+ 83. Kg3 Kh5 84. Ra3 Rb1 85. Rc3 Rg1+ 86. Kh2 Re1 87. Kg3 Re5 88. Ra3 g4 89. Rb3 Kg5 90. Ra3 Rf5 91. Rb3 Rf1 92. Rb5+ Rf5 93. Rxf5+ Kxf5 94. Kg2 Kf4 95. Kf2 Kg5 96. Kg3 Kh5 97. Kg2 Kh4 98. Kh2 g3+ 99. Kg2 Kg4 100. Kg1 Kg5 101. Kg2 Kh4 102. Kg1 Kg4 103. Kg2 Kf4 104. Kg1 Kf3 105. Kf1 Kg4 106. Kg2 Kh4 107. Kg1 Kh3 108. Kh1 g2+ 109. Kg1 Kg3 1/2-1/2

[Event "Reykjavik op"]
[Site "Reykjavik"]
[Date "2023.04.01"]
[Round "5"]
[White "Trimitzios, Petros"]
[Black "Manukonda, Arun"]
[Result "1-0"]
[WhiteElo "2358"]
[BlackElo "2061"]
[PlyCount "69"]
[EventDate "2023.03.29"]
[EventType "swiss"]
[EventRounds "9"]
[EventCountry "ISL"]
[SourceTitle "CBM 213 Extra"]
[Source "ChessBase"]
[SourceDate "2023.05.31"]
[SourceVersion "1"]
[SourceVersionDate "2023.05.31"]
[SourceQuality "1"]

1. Nf3 d5 2. b3 c5 3. Bb2 f6 4. e3 e5 5. d4 cxd4 6. exd4 e4 7. Nfd2 f5 8. c4 Nf6 9. Nc3 Bd6 10. cxd5 Ng4 11. Bb5+ Kf7 12. Nc4 a6 13. Nxd6+ Qxd6 14. Be2 e3 15. Bxg4 exf2+ 16. Kxf2 fxg4 17. Qd3 Re8 18. g3 Qf6+ 19. Kg2 Bf5 20. Qd1 b5 21. a3 Nd7 22. Rf1 Re3 23. Qd2 Rae8 24. Rf2 Kg8 25. Raf1 Qh6 26. Bc1 Bd3 27. Rd1 Qh3+ 28. Kg1 Rf3 29. Rxf3 gxf3 30. Qf2 Be2 31. Re1 Nf6 32. Nxe2 fxe2 33. Rxe2 Rf8 34. Qf3 Nxd5 35. Qxd5+ 1-0

[Event "Thessaloniki White Tower op-A 2nd"]
[Site "Thessaloniki"]
[Date "2023.01.08"]
[Round "9"]
[White "Trimitzios, Petros"]
[Black "Kourkoulos Arditis, Stamatis"]
[Result "1-0"]
[WhiteElo "2362"]
[BlackElo "2537"]
[PlyCount "113"]
[EventDate "2023.01.02"]
[EventType "swiss"]
[EventRounds "9"]
[EventCountry "GRE"]
[SourceTitle "CBM 212 Extra"]
[Source "ChessBase"]
[SourceDate "2023.03.31"]
[SourceVersion "1"]
[SourceVersionDate "2023.03.31"]
[SourceQuality "1"]

1. d4 Nf6 2. c4 g6 3. Nc3 Bg7 4. e4 d6 5. h3 Nbd7 6. Be3 e5 7. d5 Nc5 8. Qc2 a5 9. g4 h5 10. g5 Nfd7 11. h4 0-0 12. Nge2 c6 13. Ng3 a4 14. Rd1 Qa5 15. Be2 Nb6 16. 0-0 Bh3 17. Rfe1 Qb4 18. Nb1 Qa5 19. Nc3 Rfc8 20. Bd2 Bf8 21. b4 axb3 22. axb3 Qa3 23. Rb1 Na6 24. Qd1 Nb4 25. Na4 Nxa4 26. bxa4 c5 27. Rb3 Qxa4 28. Nxh5 gxh5 29. Rxh3 Nc2 30. Rf1 Nd4 31. Bxh5 Qxc4 32. g6 f5 33. exf5 Be7 34. Bg4 Rf8 35. Bh6 Qxd5 36. Bxf8 Bxf8 37. Qc1 Qe4 38. Qg5 Qf4 39. Qxf4 exf4 40. f6 Bh6 41. Re1 Rf8 42. f7+ Kg7 43. h5 b5 44. Be6 f3 45. Kh1 c4 46. Bxc4 bxc4 47. Rh4 Ne2 48. Rxc4 Ra8 49. Rh4 Ra5 50. Rb1 Rg5 51. Rh3 Nf4 52. Rb8 Ne6 53. Rg8+ Kf6 54. Rxf3+ Ke5 55. Rh3 d5 56. Rh4 d4 57. f8Q 1-0

[Event "Thessaloniki White Tower op-A 2nd"]
[Site "Thessaloniki"]
[Date "2023.01.05"]
[Round "5"]
[White "Banov, Boil"]
[Black "Trimitzios, Petros"]
[Result "0-1"]
[WhiteElo "2026"]
[BlackElo "2362"]
[PlyCount "40"]
[EventDate "2023.01.02"]
[EventType "swiss"]
[EventRounds "9"]
[EventCountry "GRE"]
[SourceTitle "CBM 212 Extra"]
[Source "ChessBase"]
[SourceDate "2023.03.31"]
[SourceVersion "1"]
[SourceVersionDate "2023.03.31"]
[SourceQuality "1"]

1. e4 e5 2. Nf3 Nc6 3. Nc3 Nf6 4. a3 d5 5. exd5 Nxd5 6. d4 Nxc3 7. bxc3 Bd6 8. d5 Ne7 9. c4 0-0 10. Be2 Ng6 11. Be3 e4 12. Nd4 Qe7 13. Qd2 f5 14. Bg5 Qe5 15. h4 f4 16. h5 Qxg5 17. hxg6 Qxg6 18. Nb3 Qxg2 19. 0-0-0 f3 20. Rdg1 Bf4 0-1

[Event "Titled Tuesday intern op 11th Oct Early"]
[Site "Chess.com INT"]
[Date "2022.10.11"]
[Round "4"]
[White "Trimitzios, Petros"]
[Black "Martic, Ivan"]
[Result "1-0"]
[WhiteElo "2365"]
[BlackElo "2264"]
[PlyCount "75"]
[EventDate "2022.10.11"]
[EventType "swiss (blitz)"]
[EventRounds "11"]
[EventCountry "USA"]
[SourceTitle "EXT 2024"]
[Source "ChessBase"]
[SourceDate "2023.10.10"]
[SourceVersion "1"]
[SourceVersionDate "2023.10.10"]
[SourceQuality "1"]

1. e4 c5 2. Nc3 e6 3. f4 Nc6 4. Bc4 a6 5. a3 b5 6. Ba2 Bb7 7. Nf3 Nge7 8. d3 Nd4 9. Nxd4 cxd4 10. Ne2 Nc6 11. 0-0 Bc5 12. f5 Ne5 13. Nf4 g6 14. fxe6 dxe6 15. Qe1 Qc7 16. Qg3 0-0-0 17. Ne2 h5 18. Bf4 Bd6 19. Rac1 h4 20. Qf2 Ng4 21. Bxd6 Qxd6 22. Qf4 Qxf4 23. Rxf4 Ne5 24. Rcf1 Rd7 25. h3 g5 26. Rf6 Kd8 27. R6f2 Ke7 28. Nc1 Rh7 29. b4 g4 30. Nb3 gxh3 31. gxh3 Rg7+ 32. Kh2 Ba8 33. Nc5 Ra7 34. Rf4 Rh7 35. Rf6 a5 36. Bxe6 axb4 37. axb4 Ra2 38. Bxa2 1-0

[Event "Titled Tuesday intern op 11th Oct Early"]
[Site "Chess.com INT"]
[Date "2022.10.11"]
[Round "6"]
[White "Trimitzios, Petros"]
[Black "Soto Vega, Jorge"]
[Result "1-0"]
[WhiteElo "2365"]
[BlackElo "2363"]
[PlyCount "79"]
[EventDate "2022.10.11"]
[EventType "swiss (blitz)"]
[EventRounds "11"]
[EventCountry "USA"]
[SourceTitle "EXT 2024"]
[Source "ChessBase"]
[SourceDate "2023.10.10"]
[SourceVersion "1"]
[SourceVersionDate "2023.10.10"]
[SourceQuality "1"]

1. b3 e5 2. Bb2 Nc6 3. g3 Nf6 4. Bg2 d5 5. e3 Bd6 6. Ne2 0-0 7. d3 Bg4 8. Nd2 Re8 9. h3 Bh5 10. g4 Bg6 11. 0-0 h5 12. g5 Nh7 13. h4 Bc5 14. a3 a5 15. Ng3 f6 16. gxf6 Nxf6 17. Nf3 d4 18. e4 Ng4 19. Ng5 Be7 20. Bc1 Qd6 21. Bh3 Bxg5 22. Bxg5 Nf6 23. Nf5 Qf8 24. Kh2 Kh7 25. Qe2 Nd8 26. Rg1 Ne6 27. Rg2 Qf7 28. Rag1 Ng4+ 29. Bxg4 hxg4 30. Qxg4 Bh5 31. Qh3 Ra6 32. a4 Rc6 33. f3 g6 34. Ng3 Qxf3 35. Rf1 Qg4 36. Nxh5 Qxh3+ 37. Kxh3 gxh5 38. Rf7+ Kg8 39. Rd7 Kf8 40. Bh6+ 1-0

[Event "Thessaloniki op 1st"]
[Site "Thessaloniki"]
[Date "2022.08.09"]
[Round "8"]
[White "Garabetyan, Arno"]
[Black "Trimitzios, Petros"]
[Result "0-1"]
[WhiteElo "2064"]
[BlackElo "2369"]
[PlyCount "90"]
[EventDate "2022.08.03"]
[EventType "swiss"]
[EventRounds "9"]
[EventCountry "GRE"]
[SourceTitle "CBM 209 Extra"]
[Source "ChessBase"]
[SourceDate "2022.09.30"]
[SourceVersion "1"]
[SourceVersionDate "2022.09.30"]
[SourceQuality "1"]

1. d4 Nf6 2. c4 c5 3. d5 e6 4. Nc3 exd5 5. cxd5 d6 6. e4 g6 7. Nge2 Bg7 8. Ng3 0-0 9. Be2 Re8 10. 0-0 Na6 11. Bg5 h6 12. Be3 Nc7 13. Qd2 Kh7 14. f3 b6 15. a4 Bb7 16. Rad1 Qd7 17. h3 a6 18. Rb1 Nfxd5 19. Nxd5 Nxd5 20. Bf2 Nb4 21. Bc4 Rad8 22. Rfd1 a5 23. Kh1 Qc7 24. Ne2 d5 25. exd5 Bxd5 26. Qc1 Bxc4 27. Qxc4 Rxd1+ 28. Rxd1 Bxb2 29. Bg3 Be5 30. f4 Bg7 31. f5 Qe7 32. fxg6+ fxg6 33. Nf4 Qf6 34. h4 Qf5 35. Rf1 Re4 36. Qc1 Be5 37. Nh3 Qe6 38. Bxe5 Rxe5 39. Qf4 Nd5 40. Qf7+ Qxf7 41. Rxf7+ Kg8 42. Rd7 c4 43. Kh2 c3 44. Ng1 Nb4 45. Rc7 c2 0-1

[Event "Thessaloniki op 1st"]
[Site "Thessaloniki"]
[Date "2022.08.08"]
[Round "7"]
[White "Skembris, Spyridon"]
[Black "Trimitzios, Petros"]
[Result "0-1"]
[WhiteElo "2399"]
[BlackElo "2369"]
[PlyCount "52"]
[EventDate "2022.08.03"]
[EventType "swiss"]
[EventRounds "9"]
[EventCountry "GRE"]
[SourceTitle "CBM 209 Extra"]
[Source "ChessBase"]
[SourceDate "2022.09.30"]
[SourceVersion "1"]
[SourceVersionDate "2022.09.30"]
[SourceQuality "1"]

1. c4 f5 2. d4 Nf6 3. g3 g6 4. Bg2 Bg7 5. Nc3 0-0 6. Nf3 d6 7. 0-0 Qe8 8. d5 c5 9. e4 fxe4 10. Ng5 Bf5 11. Ncxe4 Nxe4 12. Bxe4 Bxe4 13. Nxe4 Na6 14. a4 Qd7 15. Ng5 Nc7 16. Qe2 Rae8 17. Ra3 e6 18. Qg4 Rf5 19. dxe6 Nxe6 20. Nxe6 Rxe6 21. a5 Bd4 22. Kg2 Qc6+ 23. f3 Re2+ 24. Kh1 Qe8 25. f4 Qe4+ 26. Qf3 Qc2 0-1

[Event "Thessaloniki op 1st"]
[Site "Thessaloniki"]
[Date "2022.08.04"]
[Round "2"]
[White "Androni, Konstantina"]
[Black "Trimitzios, Petros"]
[Result "0-1"]
[WhiteElo "1982"]
[BlackElo "2369"]
[PlyCount "60"]
[EventDate "2022.08.03"]
[EventType "swiss"]
[EventRounds "9"]
[EventCountry "GRE"]
[SourceTitle "CBM 209 Extra"]
[Source "ChessBase"]
[SourceDate "2022.09.30"]
[SourceVersion "1"]
[SourceVersionDate "2022.09.30"]
[SourceQuality "1"]

1. d4 Nf6 2. Bg5 e6 3. e4 h6 4. Bxf6 Qxf6 5. c3 d5 6. Nd2 Qd8 7. Ngf3 Be7 8. Bd3 0-0 9. Qc2 c5 10. 0-0-0 c4 11. Be2 Nc6 12. g4 b5 13. h4 g6 14. Ne5 Nxe5 15. dxe5 d4 16. cxd4 Qxd4 17. Nxc4 Qxf2 18. Rhf1 Qc5 19. Nd6 Qxe5 20. Nxb5 Bb7 21. Nc3 Bb4 22. h5 Rac8 23. hxg6 Bxc3 24. gxf7+ Kg7 25. Kb1 Bd4 26. Qd2 Bxe4+ 27. Bd3 Bxd3+ 28. Qxd3 Rcd8 29. g5 hxg5 30. Rh1 Qf5 0-1

[Event "Titled Tuesday intern op 10th May Early"]
[Site "Chess.com INT"]
[Date "2022.05.10"]
[Round "2"]
[White "Trimitzios, Petros"]
[Black "Devaev, Alexander"]
[Result "1-0"]
[WhiteElo "2377"]
[BlackElo "2325"]
[PlyCount "111"]
[EventDate "2022.05.10"]
[EventType "swiss (blitz)"]
[EventRounds "11"]
[EventCountry "USA"]
[SourceTitle "CBM 208 Extra"]
[Source "ChessBase"]
[SourceDate "2022.07.31"]
[SourceVersion "1"]
[SourceVersionDate "2022.07.31"]
[SourceQuality "1"]

1. Nf3 Nf6 2. d4 e6 3. c4 c5 4. e3 cxd4 5. exd4 d5 6. cxd5 Nxd5 7. Nc3 Bb4 8. Bd2 Nc6 9. Bd3 0-0 10. 0-0 Be7 11. Rc1 Bf6 12. Be3 Nce7 13. Qe2 Ng6 14. Bb1 Nxc3 15. bxc3 Bd7 16. Rfd1 b5 17. Bd3 a6 18. c4 bxc4 19. Bxc4 Bb5 20. Bxb5 axb5 21. Qxb5 Rxa2 22. d5 Ra5 23. Qb7 Rxd5 24. Rxd5 Qxd5 25. Qb6 h6 26. h3 Ne5 27. Nxe5 Bxe5 28. g3 Rb8 29. Qa6 Ra8 30. Qb6 Qf3 31. Re1 Bxg3 32. fxg3 Qxg3+ 33. Kf1 Qxh3+ 34. Kg1 Qg3+ 35. Kf1 Ra4 36. Qd8+ Kh7 37. Qd3+ f5 38. Ke2 Ra2+ 39. Bd2 Qg4+ 40. Kf2 e5 41. Rg1 Qh4+ 42. Ke2 e4 43. Qd4 Qh2+ 44. Kf1 Qh3+ 45. Ke1 Qh4+ 46. Kd1 Qh5+ 47. Kc1 Qf7 48. Bc3 Ra7 49. Rg3 Rd7 50. Qe5 Re7 51. Qd4 Rd7 52. Qe5 Re7 53. Qc5 Qe6 54. Qd4 Rf7 55. Rxg7+ Rxg7 56. Qxg7# 1-0

[Event "GRE-ch 70th"]
[Site "Lamia"]
[Date "2021.12.12"]
[Round "9"]
[White "Trimitzios, Petros"]
[Black "Kapnisis, Spyridon"]
[Result "1/2-1/2"]
[WhiteElo "2359"]
[BlackElo "2466"]
[PlyCount "104"]
[EventDate "2021.12.04"]
[EventType "tourn"]
[EventRounds "9"]
[EventCountry "GRE"]
[EventCategory "9"]
[SourceTitle "CBM 205 Extra"]
[Source "ChessBase"]
[SourceDate "2022.01.31"]
[SourceVersion "1"]
[SourceVersionDate "2022.01.31"]
[SourceQuality "1"]

1. Nf3 c5 2. g3 g6 3. c4 Bg7 4. Bg2 e5 5. d3 Ne7 6. h4 h6 7. h5 g5 8. Nc3 d6 9. Nd2 f5 10. Nf1 Nd7 11. Ne3 Nf6 12. Ned5 Nexd5 13. Nxd5 0-0 14. Bd2 Be6 15. e4 fxe4 16. dxe4 Bg4 17. Qc2 Nxd5 18. exd5 Qe8 19. Be4 b5 20. b3 Rb8 21. Rc1 bxc4 22. bxc4 Rb7 23. Rb1 Qf7 24. Be3 Rxb1+ 25. Qxb1 Bxh5 26. Rh2 Bf3 27. Bxg5 Bxe4 28. Qxe4 Qf3 29. Qxf3 Rxf3 30. Be3 Kh7 31. Kd2 Rf7 32. Rh1 Rb7 33. Rc1 h5 34. Rc3 Rb2+ 35. Rc2 Rb7 36. Kd3 Bh6 37. Rc3 Bxe3 38. Kxe3 a6 39. Ke4 Kg6 40. Ra3 Rb6 41. Rb3 Rxb3 42. axb3 Kg5 43. f3 Kg6 44. Ke3 a5 45. Kf2 Kf5 46. Kg2 Kg6 47. Kh2 Kf5 48. Kg2 Kg6 49. Kg1 Kg5 50. Kh2 Kf5 51. Kh3 Kg5 52. Kg2 Kg6 1/2-1/2

[Event "GRE-ch 70th"]
[Site "Lamia"]
[Date "2021.12.09"]
[Round "6"]
[White "Mitsis, Georgios"]
[Black "Trimitzios, Petros"]
[Result "0-1"]
[WhiteElo "2355"]
[BlackElo "2359"]
[PlyCount "80"]
[EventDate "2021.12.04"]
[EventType "tourn"]
[EventRounds "9"]
[EventCountry "GRE"]
[EventCategory "9"]
[SourceTitle "CBM 205 Extra"]
[Source "ChessBase"]
[SourceDate "2022.01.31"]
[SourceVersion "1"]
[SourceVersionDate "2022.01.31"]
[SourceQuality "1"]

1. d4 f5 2. Bf4 Nf6 3. e3 g6 4. h4 h6 5. Nf3 d6 6. Nc3 e6 7. Bd3 Bg7 8. e4 Nc6 9. exf5 exf5 10. Qd2 Qe7+ 11. Kf1 Qf7 12. Re1+ Kf8 13. d5 Nxd5 14. Bc4 Ne3+ 15. Qxe3 Qxc4+ 16. Kg1 Bd7 17. Nd2 Qf7 18. Qg3 Ne5 19. Rxe5 dxe5 20. Bxe5 Re8 21. Bxc7 Re1+ 22. Kh2 Rxh1+ 23. Kxh1 Bc6 24. Be5 Kg8 25. Nb3 Kh7 26. Bxg7 Qxg7 27. Na5 Rc8 28. Nxc6 Rxc6 29. Qd3 h5 30. g3 Qe7 31. Kh2 Rd6 32. Qf3 Rd2 33. Qf4 Rxc2 34. Qd4 Qg7 35. Qxa7 Rxb2 36. Nd5 Qe5 37. Nf4 Rb1 38. Nh3 Qd5 39. Ng5+ Kh6 40. g4 f4 0-1

[Event "GRE-chT2 48th"]
[Site "Thessaloniki"]
[Date "2021.10.08"]
[Round "5.4"]
[White "Trimitzios, Petros"]
[Black "Bizopoulos, Alexandros"]
[Result "1-0"]
[WhiteElo "2371"]
[BlackElo "2042"]
[PlyCount "110"]
[EventDate "2021.10.05"]
[EventType "team-swiss"]
[EventRounds "7"]
[EventCountry "GRE"]
[SourceTitle "CBM 204 Extra"]
[Source "ChessBase"]
[SourceDate "2021.11.30"]
[SourceVersion "1"]
[SourceVersionDate "2021.11.30"]
[SourceQuality "1"]
[WhiteTeam "Triandrias OS"]
[BlackTeam "Kalamarias ES"]
[WhiteTeamCountry "GRE"]
[BlackTeamCountry "GRE"]

1. Nf3 d6 2. d4 f5 3. c4 Nf6 4. Nc3 g6 5. g3 Bg7 6. Bg2 0-0 7. 0-0 Qe8 8. Bf4 c6 9. d5 Na6 10. Re1 Nc5 11. Rc1 a5 12. Nd4 Bd7 13. Qd2 Nce4 14. Qd3 Nxc3 15. bxc3 cxd5 16. cxd5 Qf7 17. c4 Rac8 18. Qb3 Ne4 19. Be3 Nc5 20. Qd1 h6 21. h4 Qf6 22. f4 Qf7 23. Nb3 b6 24. Bd4 Ba4 25. e3 Bf6 26. Bxc5 bxc5 27. Qd3 Bxb3 28. axb3 a4 29. bxa4 Ra8 30. Qd1 Rfb8 31. Re2 Rb4 32. Ra2 Qe8 33. a5 Qd8 34. a6 Qb6 35. h5 g5 36. Qd3 Rxa6 37. Rxa6 Qxa6 38. Qxf5 Rxc4 39. Qg6+ Bg7 40. Rb1 Rb4 41. Rxb4 cxb4 42. fxg5 Qa1+ 43. Kh2 hxg5 44. h6 Qf6 45. Qxg7+ Qxg7 46. hxg7 g4 47. Be4 b3 48. Kg2 Kxg7 49. Kf2 Kf6 50. Ke2 Ke5 51. Bh7 Kxd5 52. Kd3 b2 53. Kc3 e5 54. Kxb2 Kc4 55. Kc2 Kd5 1-0

[Event "Titled Tuesday intern op 14th Sept"]
[Site "Chess.com INT"]
[Date "2021.09.14"]
[Round "2"]
[White "Iliaguev, Nisim"]
[Black "Trimitzios, Petros"]
[Result "1-0"]
[WhiteElo "2331"]
[BlackElo "2371"]
[PlyCount "87"]
[EventDate "2021.09.14"]
[EventType "swiss (blitz)"]
[EventRounds "11"]
[EventCountry "USA"]
[SourceTitle "EXT 2022"]
[Source "ChessBase"]
[SourceDate "2021.10.06"]
[SourceVersion "1"]
[SourceVersionDate "2021.10.06"]
[SourceQuality "1"]

1. d4 Nf6 2. g3 c5 3. Nf3 cxd4 4. Nxd4 e5 5. Nb3 Nc6 6. Bg2 d5 7. 0-0 Be6 8. Nc3 h6 9. Re1 Be7 10. Na4 b6 11. c4 0-0 12. cxd5 Nxd5 13. Bd2 Rc8 14. Rc1 Ndb4 15. Nc3 Nd4 16. Nxd4 exd4 17. Nb5 a6 18. Rxc8 Bxc8 19. a3 axb5 20. Bxb4 Bxb4 21. axb4 Be6 22. Qd2 Qd6 23. Rd1 Rd8 24. Rc1 Bc4 25. Bf3 Qe7 26. Ra1 d3 27. exd3 Rxd3 28. Qf4 g5 29. Qf5 Qe6 30. Qxe6 Bxe6 31. Be2 Rd4 32. Bxb5 Rxb4 33. Bd3 Rxb2 34. Kg2 Bd5+ 35. Kg1 b5 36. h4 gxh4 37. gxh4 Be6 38. f4 Kg7 39. f5 Bc4 40. Be4 b4 41. Rc1 Be2 42. Rc6 b3 43. f6+ Kg8 44. Rc8# 1-0